Países Modernos del Imperio Mongol en un Mapa - Estadísticas

Estadísticas generales
  • Esta prueba ha sido intentada 118 veces
  • La puntuación promedio es 27 de 28
Respuestas en el mapa
Las respuestas están codificadas por una escala verde-roja en el mapa de la prueba según el % correcto abajo.
 
Estadísticas de respuestas
Países % Correcto
Bielorrusia
100%
Rusia
100%
Ucrania
100%
Afganistán
99%
China
99%
Corea del Norte
99%
Corea del Sur
99%
Kazajistán
98%
Mongolia
98%
Pakistán
98%
Polonia
98%
Turquía
98%
India
97%
Kirguistán
97%
Rumania
97%
Tayikistán
97%
Turkmenistán
97%
Armenia
96%
Irak
96%
Irán
96%
Moldavia
96%
Uzbekistán
96%
Azerbaiyán
95%
Georgia
94%
Siria
94%
Myanmar
92%
Vietnam
92%
Laos
91%
No se encontraron pruebas coincidentes
Distribución de puntuación
Porcentaje de gente con cada puntuación
Porcentaje por número respondido
Historial de tus puntuaciones
No has intentado esta prueba.